| 000 | 00498nam a22001337a 4500 | ||
|---|---|---|---|
| 999 |
_c524568 _d524568 |
||
| 008 | 231228b ||||| |||| 00| 0 eng d | ||
| 100 |
_aSharma, H.O., Rathi, D. and Niranjan, H.K. _947305 |
||
| 245 | _aAgro-economic research farmers ‘ perceptions towards production and marketing of quality seed in Madhya Pradesh | ||
| 260 | _aAgricultural Situation in India | ||
| 300 | _a79(11), Feb, 2023: p.29-41 | ||
| 773 | _aAgricultural Situation in India | ||
| 906 | _aAGRICULTURE | ||
| 942 | _cAR | ||